| 000 | 01462naa a22003377a 4500 | ||
|---|---|---|---|
| 001 | BR7604183 | ||
| 003 | BR-BrBNA | ||
| 005 | 20240918173924.0 | ||
| 007 | ta | ||
| 008 | 230509b bl.||||| |||| 00| 0 por d | ||
| 040 |
_aBR-BrBNA _bpor _cBiblioteca Nacional de Agricultura |
||
| 041 | _a(Pt) | ||
| 072 |
_aM00; E15 _b8134 _bG514 |
||
| 090 | _aM00 BR7604183 | ||
| 100 | 1 | _aLovshing, L. | |
| 100 | 1 | _aPeixoto, J.T. | |
| 100 | 1 | _aVasconcelos, E.A. | |
| 111 | 1 |
_a1. Encontro Nacional sobre Limnologia, Piscicultura e Pesca Continental _cBelo Horizonte, MG (Brazil) _d15 Sep 1975 |
|
| 245 | 1 | _aConsideracoes ecologicas e economicas sobre Tilapia sp no Nordeste do Brasil | |
| 260 | 3 |
_aBelo Horizonte, MG (Brasil): _c1976. |
|
| 500 | _aVargas, J.I.; Loureiro, C.G.C.; Milward-de-Andrade, R. (eds.) Anais do 1. Encontro Nacional sobre Limnologia, Piscicultura e Pesca Continental Belo Horizonte, MG (Brasil): 1976. p. 227-239 (BR7604183-AM)M00 | ||
| 650 | _aTILAPIA | ||
| 650 | _aACUDE | ||
| 650 | _aCRIACAO | ||
| 650 | _aCUSTO | ||
| 650 | _aLUCRO | ||
| 650 | _aREGIAO NORDESTE | ||
| 773 | 0 |
_tAnais do 1. Encontro Nacional sobre Limnologia, Piscicultura e Pesca Continental _aVargas, J.I.; Loureiro, C.G.C.; Milward-de-Andrade, R. (eds.). Fundacao Joao Pinheiro, Belo Horizonte, MG (Brasil). Centro de Recursos Naturais _wM00 BR7604183 _gBelo Horizonte, MG (Brasil), 1976. p. 227-239 |
|
| 909 |
_a202404 _bLucia _c55 _dLucia Elande |
||
| 942 |
_cAM _2AGRIS |
||
| 999 |
_c307703 _d307703 |
||